Responses for Show #8897 - Tuesday, June 20, 2023

Ben Goldstein game 3.

Contestants

[<< previous game]

Janie Sullivan, a scrum master from Park Ridge, Illinois

Tym Blanchard, a cryptocurrency and angel investor from Nashville, Tennessee

Ben Goldstein, a content marketing strategist from Dexter, Michigan (whose 2-day cash winnings total $15,198)

[next game >>]

Jeopardy! Round responses

LET'S STICK TOGETHER
ARCHITECTS
VOWEL, VOWEL, CONSONANT, CONSONANT
(Mayim: Each response is a 4-letter word in that form.)
NONPROFITS
AMERICAN HISTORY
TRIPLE "A"-RATED FOOD
    $200 20
Denzel Washington

Ben
    $200 8
a courthouse

Triple Stumper
    $200 5
oink

Ben
    $200 15
Jackie Robinson

Triple Stumper
    $200 2
the Moon

Janie
    $200 16
calamari

Janie
    $400 4
Helen Mirren

Janie
    $400 17
an atrium

Ben
    $400 1
earl

Janie
    $400 21
a food bank

Triple Stumper
    $400 9
New Jersey

Ben
    $400 11
an empanada

Janie
    $600 3
Tina Turner

Ben
    $600 30
(Ben: What are mosques?)

temples (synagogues)

BenJanie
    $600 6
ouch

Triple Stumper
    $600 22
Parkinson's

Ben
    $600 10
the Supreme Court

Ben
    $600 12
baklava

Ben
    $800 18
Calista Flockhart

Ben
    $1,500 28
(Janie: Who is... Newbery? I have no idea.)

Sir Christopher Wren

Janie
    $800 7
iamb

Janie
    $800 23
Patton

Tym
    $800 26
(Tym: What are national parks?)

birds

Tym
Triple Stumper
    $800 13
caraway

Ben
    $1000 19
Neil Patrick Harris

Janie
    $1000 24
St. Louis

Ben
    $1000 27
oust

Janie
    $1000 25
Patient

Janie
    $1000 29
(Tym: What is Promnotory Point?)

Promontory

Tym
Triple Stumper
    $1000 14
(Janie: What is focaccia?)

ciabatta

Janie
Triple Stumper

Scores at the first commercial break (after clue 15):

Ben Tym Janie
$3,200 $0 $1,200

Scores at the end of the Jeopardy! Round:

Ben Tym Janie
$5,600 -$1,000 $3,500

Double Jeopardy! Round responses

LET'S STICK TOGETHER
CHAPTER & VERSE
LOVE ISLAND U.K.
THAT MUSICAL ACT IS UNREAL!
THERE WILL BE MATH
JUST SAY...
    $400 27
3M

Tym
    $400 26
13

Janie
    $400 30
Bermuda

Ben
    $400 14
Spinal Tap

Janie
    $400 29
arc

Janie
    $400 21
yo

Janie
    $800 13
honey

Ben
    $800 17
haggis

Tym
    $800 25
(Tym: What is Jamaica?)
(Janie: What is Australia?)

the Falkland Islands

TymJanie
Triple Stumper
    $800 10
That Thing You Do!

Janie
    $800 28
(Ben: What is 2?)

20

BenTym
    $800 20
Go

Tym
    $1200 5
(Ben: What is resin?)

pine tar

BenJanie
    $1200 15
school

Ben
    $1200 23
the Cayman Islands

Ben
    $1200 9
(Mayim: [Arms raised in excitement] Yes!)

The Muppet Show

Ben
    $1200 18
a subset of B

Triple Stumper
    $2,000 19
(Tym: What is the Rhine?)

the Po

Tym
    $1600 4
gum

Janie
    $1600 3
The Count of Monte Cristo

Tym
    $2,000 22
(Janie: What is... Samoa?)

Pitcairn

Janie
    $1600 7
Daisy Jones

Janie
    $1600 1
(Ben: What's the transitive property?)

the distributive law

Ben
Triple Stumper
    $1600 11
the Bodhi (Bo)

Tym
    $2000 6
library paste

Triple Stumper
    $2000 16
[Ben did not include the leading article.]

The Rime of the Ancient Mariner

Ben
    $2000 24
Montserrat

Triple Stumper
    $2000 8
(Ben: Who are The Replacements?)
(Tym: What is Spinal Tap?)

The Commitments

BenTym
Triple Stumper
    $2000 2
(Tym: What is a hundred?)

101

Tym
Triple Stumper
    $2000 12
(Tym: Who is Europa?)

Io

Tym
Triple Stumper

Scores at the end of the Double Jeopardy! Round:

Ben Tym Janie
$6,800 -$3,800 $7,500

[wagering suggestions for these scores]

Final Jeopardy! Round responses

THE OLYMPICS
(Mayim: It's played on a table that's about 9 by 5 feet.)
BenWhat is handball?
$705
JanieWhat is squash? sumo wrestling
$7,000
table tennis

Final scores:

Ben Tym Janie
$6,095 -$3,800 $500
3-day champion: $21,293 3rd place: $1,000 2nd place: $2,000

Game dynamics:

Coryat scores:

Ben Tym Janie
$6,800 -$1,800 $11,000
17 R,
5 W
7 R,
7 W
(including 1 DD)
18 R,
4 W
(including 2 DDs)

Combined Coryat: $16,000

[game clues] [game scores] [suggest correction]

Game tape date: 2023-04-13
The J! Archive is created by fans, for fans. Scraping, republication, monetization, and malicious use prohibited; this site may use cookies and collect identifying information. See terms. The Jeopardy! game show and all elements thereof, including but not limited to copyright and trademark thereto, are the property of Jeopardy Productions, Inc. and are protected under law. This website is not affiliated with, sponsored by, or operated by Jeopardy Productions, Inc. Join the discussion at JBoard.tv.